| 000 | 01213nam a2200325 i 4500 | ||
|---|---|---|---|
| 001 | 000018804 | ||
| 003 | DO-SdBNP | ||
| 005 | 20250624121534.0 | ||
| 007 | ta | ||
| 008 | 100519s2010 dr 001 0 spa d | ||
| 020 | _a9789945020960 | ||
| 040 |
_aDO-SdBNP _bspa _cBNPHU _erda |
||
| 082 | 4 |
_a972.93697 _bD473h, 2010 _222 |
|
| 100 | 1 |
_aDespradel Batista, Guido, _d1909- _eautor _4aut. _940548 |
|
| 245 | 1 | 0 |
_aHistoria de la Concepción de La Vega / _cGuido Despradel Batista ; edición, Luis Alfonso Escolano Giménez. |
| 250 | _asegunda edición | ||
| 264 | 1 |
_aSanto Domingo : _bArchivo General de la Nación, _c2010. |
|
| 300 |
_a263 páginas ; _c23 cm. |
||
| 336 |
_atexto _btxt _2rdacontent |
||
| 337 |
_asin mediación _bn _2rdamedia |
||
| 338 |
_avolumen _bnc _2rdacarrier |
||
| 490 |
_aColección Archivo General de la Nación _v87 |
||
| 500 | _aIncluye referencias bibliográficas y notas al pie de las páginas | ||
| 504 | _aBibliografía : páginas 145-235 | ||
| 590 | _aInventariado, 2024/BT | ||
| 650 | 4 |
_aCiudades y pueblos _zRepública Dominicana _9784 |
|
| 700 | 1 |
_aEscolano Giménez, Luis Alfonso, _eeditor _4ed. _940550 |
|
| 910 | _aValidado. Control de calidad MMOLINA | ||
| 942 |
_2ddc _cLBS1 |
||
| 999 |
_c18324 _d18324 |
||